00979nam a2200253 i 450000100060000000300090000600500170001500700030003200800410003510000330007624501030010926000370021230000200024950501510026970000300042074000310045074000160048174000260049774000160052374000230053985200230056299900170058595201230060235686ES-MaACL20230906155203.0t|030213s1917 sp ||||1| spa d1 aBougaud, Luis Emilio.93087113aEl cristianismo y los tiempos presentes / cMonseñor Bougaud ; traducción por Emilio Villelga. aBarcelona : bJuan Gili, c1917. a5 v. ; c24 cm.8 aContiene: T. I: Religión e irreligión. -- T. II: Jesucristo. -- T. III: Los dogmas del Credo. -- T. IV: La Iglesia. -- T. V: La vida cristiana1 aVillelga, Emilio.91152310 aReligión e irreligión.0 aJesucristo.4 aLos dogmas del Credo.3 aLa Iglesia.3 aLa vida cristiana. aES-MaACLjF-174-78 c35686d35686 00104070aATENEOMbATENEOMcDEPO2d2008-01-17eSCl0oF-174-78p1037369r2023-02-23 00:00:00w2023-02-23yMONOGRAFIA